书目信息 |
| 题名: |
翡翠鉴赏投资指南
|
|
| 作者: | 包章泰 | |
| 分册: | ||
| 出版信息: | 北京 2014.12 |
|
| 页数: | 196 | |
| 开本: | 26cm | |
| 丛书名: | ||
| 单 册: | ||
| 中图分类: | TS93 | |
| 科图分类: | ||
| 主题词: | 轻工业 , 手工业 , 手工业史 | |
| 电子资源: | ||
| ISBN: | 7-5149-1144-2 | |
| 000 | 00566nam0 2200205 450 | |
| 001 | 1735965424 | |
| 005 | 20170410095925.42 | |
| 010 | @a7-5149-1144-2 | |
| 100 | @a20170410d km y0chiy0120 ea | |
| 101 | 0 | @achi |
| 200 | 1 | @a翡翠鉴赏投资指南@Afei cui jian shang tou zi zhi nan@f包章泰@Fbao zhang tai |
| 210 | @a北京@d2014.12 | |
| 215 | @a196@c彩图@d26cm | |
| 606 | 0 | @a轻工业 |
| 606 | 0 | @a手工业 |
| 606 | 0 | @a手工业史 |
| 690 | @aTS93@v4 | |
| 701 | 0 | @a包章泰@Abao zhang tai |
| 801 | 0 | @aCN@b大连网信软件有限公司图书馆·11@c20170410 |
| 905 | @b6604747@dTS93@en3@f1 | |
| 翡翠鉴赏投资指南/包章泰.-北京,2014.12 |
| 196:彩图;26cm |
| ISBN 7-5149-1144-2: |
| ● |
| 相关链接 |
|
|
|
|
正题名:翡翠鉴赏投资指南
索取号:TS93/n3
 
预约/预借
| 序号 | 登录号 | 条形码 | 馆藏地/架位号 | 状态 | 备注 |
| 1 | 6604747 | 266047477 | 密集书库-生命科学系/ [索取号:TS93/n3] | 在馆 |